Subfrakcie lipoproteínov a ich úloha v rozvoji aterosklerózy
Na minha lista:
| Autor principal: | |
|---|---|
| Outros Autores: | |
| Formato: | Manuscrito Livro |
| Idioma: | eslovaco |
| Publicado em: |
2021
|
| Assuntos: | |
| Acesso em linha: | http://is.stuba.sk/zp/portal_zp.pl?podrobnosti=158182 |
| Tags: |
Sem tags, seja o primeiro a adicionar uma tag!
|
MARC
| LEADER | 00000ntm a22000003a 4500 | ||
|---|---|---|---|
| 001 | stuzp85073 | ||
| 003 | SK-STU | ||
| 005 | 20210605211212.0 | ||
| 007 | ta | ||
| 008 | 150427s2015----xo-----f-mn---000-0-slo-d | ||
| 040 | |a STU |b slo | ||
| 041 | 0 | |a slo | |
| 100 | 1 | |a Uhláriková, Veronika |u 043000 |4 aut |U FCHPT Fakulta chemickej a potravinárskej technológie |T FCHPT Ústav biochémie a mikrobiológie |X 105464 |U C3000 |Y 101 |7 105464 | |
| 242 | 0 | 1 | |a Lipoprotein subfractions and their role in the development of atherosclerosis |y eng |
| 245 | 1 | 0 | |a Subfrakcie lipoproteínov a ich úloha v rozvoji aterosklerózy |
| 260 | |c 2021 | ||
| 650 | 4 | |a lipoproteíny |2 slo | |
| 650 | 4 | |a cholesterol |2 slo | |
| 650 | 4 | |a ateroskleróza |2 slo | |
| 650 | 4 | |a cholesterol |2 eng | |
| 650 | 4 | |a lipoproteins |2 eng | |
| 650 | 4 | |a atherosclerosis |2 eng | |
| 700 | 1 | |a Vlček, Miroslav |4 ths |X 107657 |7 107657 | |
| 856 | 4 | |u http://is.stuba.sk/zp/portal_zp.pl?podrobnosti=158182 | |